00406nam a2200181Ia 4500008004100000020001800041050001400059100001700073245001800090245001700108260001500125260001600140260000900156300001400165300002700179300001000206500000800216170918s9999 xx 000 0 und d a9780439249799 bR211 1996 aRankin, Joan aScaredy cat / cJoan Rankin. aNew York : bScholastic, c1996 aunpaged : bcolored illustration ; c28cm. a820